000 00221 a2200097 4500
001 49512
100 _aCollins
245 _aNot the whole truth
260 _aPak writers
_bCo-operations society
_c
090 _c32042
_d32042
942 _aNUST-CAE
_cM
_c24495
999 _c284585
_d284585